000 00537nam a22002177a 4500
003 UA-OsUOA
001 36966
007 ta
008 20060217b un ||||| |||| 00| 0 ukr d
100 _aМильдон В. И.
090 _a101
_bМ11
942 _cSA
040 _aUA-OsUOA
_brus
_cUA-OsUOA
_dUA-OsUOA
245 _aИстория и утопия как типы сознания
300 _aС.15-25
955 _a0
041 _arus
080 _a101
773 0 _w36964
650 7 _a1 Філософські науки
_2UDC
999 _c323196
_d323196